| 000 -ლიდერი |
| ფიქსირებული სიგრძის საკონტროლო ველი |
01550nam a2200289Ia 4500 |
| 001 - საკონტროლო ნომერი |
| საკონტროლო ველი |
22138 |
| 003 - საკონტროლო ნომრის იდენტიფიკატორი |
| საკონტროლო ველი |
GE_BSU |
| 005 - ბოლო ოპერაციის თარიღი და დრო |
| საკონტროლო ველი |
20221128125215.0 |
| 008 - ფიქსირებული სიგრძის მონაცემთა ელემენტები - ზოგადი ინფორმაცია |
| ფიქსირებული სიგრძის საკონტროლო ველი |
181216s ||||ge |||||||||||||| ||geo|| |
| 010 ## - კონგრესის ბიბლიოთეკის საკონტროლო ნომერი |
| LC საკონტროლო ნომერი |
9789941157905 |
| 040 ## - კატალოგიზაციის წყარო |
| Transcribing agency |
GE_BSU |
| 041 ## - ენის კოდი |
| Language code of text/sound track or separate title |
geo |
| 080 ## - უნივერსალური ათობითი კლასიფიკაციის ინდექსი |
| Universal Decimal Classification number |
821.353.1-92+94(479.22)"18 მ-85 |
| 100 ## - მთავარი ჩანაწერი - პიროვნების სახელი |
| Personal name |
მორჩილაძე, აკა |
| 9 (RLIN) |
16149 |
| 245 ## - ცნობა სათაურის შესახებ |
| Title |
ქართულის რვეულები : |
| Remainder of title |
XIX საუკუნის სურათები / |
| Statement of responsibility, etc |
აკა მორჩილაძე ; რედ. თეა ქიტოშვილი ; დიზაინერი : ია მახათაძე, გიორგი კევლიშვილი. |
| 260 ## - გამოქვეყნების, გავრცელების, და სხვა. ცნობები |
| Place of publication, distribution, etc |
თბილისი : |
| Name of publisher, distributor, etc |
ბაკურ სულაკაურის გამ-ბა, |
| Date of publication, distribution, etc |
2014. |
| 300 ## - ფიზიკური აღწერა |
| Extent |
263 გვ. ; |
| Dimensions |
23 სმ. |
| Accompanying material |
30 ჩართ. ფ. ფოტ. |
| 653 ## - INDEX TERM--UNCONTROLLED |
| Uncontrolled term |
საქართველოს ისტორია |
| 653 ## - INDEX TERM--UNCONTROLLED |
| Uncontrolled term |
საქართველოს ისტორია XIX ს. |
| 653 ## - INDEX TERM--UNCONTROLLED |
| Uncontrolled term |
ქართული ლიტერატურა |
| 653 ## - INDEX TERM--UNCONTROLLED |
| Uncontrolled term |
ქართულის რვეულები : XIX საუკუნის სურათები |
| 700 ## - ADDED ENTRY--PERSONAL NAME |
| Personal name |
ქიტოშვილი, თეა |
| Relator term |
რედაქტორი |
| 9 (RLIN) |
16150 |
| 700 ## - ADDED ENTRY--PERSONAL NAME |
| Personal name |
მახათაძე, ია |
| Relator term |
დიზაინერი |
| 9 (RLIN) |
5299 |
| 700 ## - ADDED ENTRY--PERSONAL NAME |
| Personal name |
კევლიშვილი, გიორგი |
| Relator term |
დიზაინერი |
| 9 (RLIN) |
11748 |
| 942 ## - ADDED ENTRY ELEMENTS (KOHA) |
| Koha item type |
წიგნი |
| Source of classification or shelving scheme |
|